<?xml version="1.0" encoding="UTF-8"?>
<collection xmlns="http://www.loc.gov/MARC21/slim">
 <record>
  <leader>01108pamaa2200217   4500</leader>
  <controlfield tag="001">0000027510</controlfield>
  <controlfield tag="005">20111219090000.0</controlfield>
  <controlfield tag="008">111219                             eng  </controlfield>
  <datafield tag="020" ind1="0" ind2="0">
   <subfield code="a">9839783173 (pbk.) </subfield>
  </datafield>
  <datafield tag="090" ind1="0" ind2="0">
   <subfield code="a">LA1236 </subfield>
   <subfield code="b">EDU 2003</subfield>
  </datafield>
  <datafield tag="245" ind1="1" ind2="0">
   <subfield code="a">Education in Malaysia : </subfield>
   <subfield code="b">unifying or divisive?  </subfield>
   <subfield code="c">[edited by] Abdul Razak Baginda and Peter Schier.</subfield>
  </datafield>
  <datafield tag="260" ind1="0" ind2="0">
   <subfield code="a">Kuala Lumpur : Malaysian Strategic Research Centre: </subfield>
   <subfield code="b">Konrad-Adenauer-Foundation, </subfield>
   <subfield code="c">[2003?].</subfield>
  </datafield>
  <datafield tag="300" ind1=" " ind2=" ">
   <subfield code="a">142 p.; </subfield>
   <subfield code="c">21 cm.</subfield>
  </datafield>
  <datafield tag="440" ind1="0" ind2="0">
   <subfield code="a">MSRC-KAF inter-cultural discourse series; </subfield>
   <subfield code="v">3</subfield>
  </datafield>
  <datafield tag="500" ind1="0" ind2="0">
   <subfield code="a">A collection of presentations and discussions held during two half-day seminars entitled &quot;Education in a Multi-Racial and Multi-Religious Society: Divisive or Unifying?&quot; held on 20th november 2002 and &quot;Education and Religion: Combating Parochialism&quot; held on 21st January 2003 in Kuala Lumpur.</subfield>
  </datafield>
  <datafield tag="504" ind1="0" ind2="0">
   <subfield code="a">Includes bibliographical references</subfield>
  </datafield>
  <datafield tag="650" ind1="0" ind2="0">
   <subfield code="a">Education -- </subfield>
   <subfield code="z">Malaysia. </subfield>
  </datafield>
  <datafield tag="650" ind1="0" ind2="0">
   <subfield code="a">Malaysia -- </subfield>
   <subfield code="x">Ethnic relations. </subfield>
  </datafield>
  <datafield tag="700" ind1="1" ind2="1">
   <subfield code="a">Abdul Razak Abdullah Baginda </subfield>
  </datafield>
  <datafield tag="700" ind1="1" ind2="1">
   <subfield code="a">Schier, </subfield>
   <subfield code="h">Peter </subfield>
  </datafield>
  <datafield tag="710" ind1="1" ind2="1">
   <subfield code="a">Pusat Penyelidikan Strategik Malaysia. </subfield>
  </datafield>
 </record>
</collection>
